[Event "GBR-ch105 Seniors 65"]
[Site "Hull"]
[Date "2018.08.02"]
[Round "5.2"]
[White "Bimpson, Tom"]
[Black "Friedgood, David"]
[Result "1-0"]
[WhiteElo "1988"]
[BlackElo "2188"]
[PlyCount "93"]
[EventDate "2018.07.29"]
[EventType "swiss"]
[EventRounds "7"]
[EventCountry "GBR"]

1. b3 d5 2. Bb2 c5 3. e3 Nc6 4. Bb5 Qc7 5. Nf3 Nf6 6. Ne5 Bd7 7. Bxc6 Bxc6 8.
f4 e6 9. O-O O-O-O 10. d3 d4 11. Nxc6 Qxc6 12. e4 h5 13. Nd2 e5 14. f5 Bd6 15.
a4 Rdg8 16. Nc4 Bc7 17. c3 g6 18. Qf3 g5 19. b4 g4 20. Qd1 b6 21. b5 Qd7 22.
Qb3 dxc3 23. Bxc3 Qxd3 24. Rad1 Qxe4 25. a5 Rd8 26. axb6 axb6 27. Rde1 Qb7 28.
Bxe5 Bxe5 29. Nxe5 Qd5 30. Qa3 Nd7 31. Nc6 Qd6 32. Rd1 Qc7 33. Qa6+ Qb7 34. Qa3
Rde8 35. Na7+ Kc7 36. Qg3+ Ne5 37. Nc6 f6 38. Ra1 Ra8 39. Rxa8 Rxa8 40. Nxe5
fxe5 41. Qxe5+ Kc8 42. f6 Qf7 43. Qf5+ Kc7 44. Qf4+ Kc8 45. Qd6 Qc7 46. Qd5 Qb7
47. Qxh5 1-0

[Event "GBR-ch105 Seniors 65"]
[Site "Hull"]
[Date "2018.08.02"]
[Round "5.3"]
[White "Feavyour, John A"]
[Black "James, Geoffrey H"]
[Result "0-1"]
[WhiteElo "1980"]
[BlackElo "2163"]
[PlyCount "50"]
[EventDate "2018.07.29"]
[EventType "swiss"]
[EventRounds "7"]
[EventCountry "GBR"]

1. d4 Nf6 2. c4 e6 3. Nc3 Bb4 4. e3 b6 5. Nf3 Bb7 6. Bd2 O-O 7. Bd3 d5 8. cxd5
exd5 9. O-O Nbd7 10. Rc1 a6 11. Ne5 Bd6 12. f4 Ne4 13. Nxe4 dxe4 14. Bc4 Nf6
15. g4 c5 16. g5 Nd5 17. Qe2 f6 18. gxf6 gxf6 19. Ng4 Kh8 20. Nh6 cxd4 21. exd4
f5 22. Rc3 Qf6 23. Bxd5 Bxd5 24. Rh3 Qg6+ 25. Qg2 Qxg2+ 0-1

[Event "GBR-ch105 Seniors 65"]
[Site "Hull"]
[Date "2018.08.02"]
[Round "5.4"]
[White "Jackson, Oliver A"]
[Black "Myall, Ivan J"]
[Result "1-0"]
[WhiteElo "2143"]
[BlackElo "2007"]
[PlyCount "65"]
[EventDate "2018.07.29"]
[EventType "swiss"]
[EventRounds "7"]
[EventCountry "GBR"]

1. e4 e5 2. f4 Bc5 3. Nf3 d6 4. Nc3 Nf6 5. Bc4 Nc6 6. d3 a6 7. f5 h6 8. a3 Nd4
9. Nxd4 Bxd4 10. Qf3 c6 11. Be3 Qb6 12. Bxd4 exd4 13. Ne2 Qxb2 14. O-O Qb6 15.
Qg3 O-O 16. Qxd6 Qa7 17. e5 Ne8 18. Qe7 b5 19. Bxf7+ Rxf7 20. Qxe8+ Rf8 21. Qg6
Qf7 22. Qxf7+ Rxf7 23. Nxd4 c5 24. e6 Rc7 25. Ne2 Bb7 26. Nf4 c4 27. d4 Be4 28.
c3 Rf8 29. g4 Bd3 30. Rf2 a5 31. Rd1 Be4 32. d5 b4 33. d6 1-0

[Event "GBR-ch105 Seniors 65"]
[Site "Hull"]
[Date "2018.08.02"]
[Round "5.5"]
[White "Bowmer, Kevin"]
[Black "Moore, Geoffrey R"]
[Result "1-0"]
[WhiteElo "2039"]
[BlackElo "1980"]
[PlyCount "93"]
[EventDate "2018.07.29"]
[EventType "swiss"]
[EventRounds "7"]
[EventCountry "GBR"]

1. e4 c6 2. d4 d5 3. Nd2 dxe4 4. Nxe4 Bf5 5. Ng3 Bg6 6. h4 h6 7. Nf3 e6 8. h5
Bh7 9. Bd3 Bxd3 10. Qxd3 Nf6 11. Bd2 c5 12. O-O-O Nc6 13. Qb5 Qb6 14. Qxb6 axb6
15. a3 cxd4 16. Bf4 Nd5 17. Be5 Nxe5 18. Nxe5 Bc5 19. Ne2 Ra4 20. b4 Be7 21.
Kb2 Bf6 22. Ng4 e5 23. Kb3 Ra8 24. c4 Nc3 25. Nxc3 dxc3 26. Rh3 Ke7 27. Nxf6
Kxf6 28. Rd6+ Kg5 29. Rxb6 Ra7 30. a4 Rd8 31. a5 Rd2 32. Kxc3 Rxf2 33. Rg3+ Kf4
34. Rxg7 f5 35. Rxh6 Ra8 36. Rd6 e4 37. h6 Rh8 38. h7 Ke5 39. Rh6 Rd8 40. b5
Rfd2 41. h8=Q R2d3+ 42. Kb4 Rxh8 43. Rxh8 e3 44. Rxb7 Kf4 45. a6 e2 46. Re7 Re3
47. Rh4+ 1-0

[Event "GBR-ch105 Seniors 65"]
[Site "Hull"]
[Date "2018.08.02"]
[Round "5.6"]
[White "Jones, Chris"]
[Black "Crombleholme, Alan K"]
[Result "1/2-1/2"]
[WhiteElo "2007"]
[BlackElo "1974"]
[PlyCount "29"]
[EventDate "2018.07.29"]
[EventType "swiss"]
[EventRounds "7"]
[EventCountry "GBR"]

1. e4 Nf6 2. e5 Nd5 3. d4 d6 4. Nf3 dxe5 5. Nxe5 c6 6. Be2 Bf5 7. O-O Nd7 8.
Nf3 e6 9. a3 h6 10. c4 N5f6 11. Nc3 Be7 12. Re1 O-O 13. Bd3 Bxd3 14. Qxd3 Qc7
15. b4 1/2-1/2

[Event "GBR-ch105 Seniors 65"]
[Site "Hull"]
[Date "2018.08.02"]
[Round "5.7"]
[White "Anderton, David W"]
[Black "Levens, David G"]
[Result "1-0"]
[WhiteElo "2084"]
[BlackElo "1909"]
[PlyCount "103"]
[EventDate "2018.07.29"]
[EventType "swiss"]
[EventRounds "7"]
[EventCountry "GBR"]

1. d4 e6 2. c4 f5 3. g3 Nf6 4. Bg2 Be7 5. Nf3 d6 6. O-O O-O 7. Nc3 a5 8. b3 Na6
9. Bb2 Qe8 10. Re1 Ne4 11. Nd2 Nxd2 12. Qxd2 c5 13. Nb5 cxd4 14. Bxd4 e5 15.
Bc3 Qg6 16. Bxa5 f4 17. Bc3 Nc5 18. Rad1 Rf6 19. Nc7 fxg3 20. fxg3 h5 21. Nd5
Bd8 22. Nxf6+ Bxf6 23. Qxd6 Nd7 24. Qd3 Qe8 25. a4 Kh8 26. Bb4 h4 27. Be4 Qd8
28. a5 Ra6 29. Bf5 e4 30. Qxe4 b6 31. Qg4 Qe8 32. Bxd7 Qe3+ 33. Kf1 Bxd7 34.
Rxd7 bxa5 35. Bd2 Qe8 36. Rd5 Qf8 37. Kg2 Qa8 38. Rf1 a4 39. bxa4 Rxa4 40. Bg5
Qxd5+ 41. cxd5 Rxg4 42. Bxf6 gxf6 43. Rxf6 hxg3 44. hxg3 Kg7 45. Rf4 Rg6 46. e4
Rd6 47. Kf3 Kg6 48. Ke3 Ra6 49. Kd4 Ra3 50. d6 Kg5 51. Rf8 Ra7 52. e5 1-0

[Event "GBR-ch105 Seniors 65"]
[Site "Hull"]
[Date "2018.08.02"]
[Round "5.8"]
[White "Habershon, Paul F"]
[Black "Milnes, Anthony CP"]
[Result "1-0"]
[WhiteElo "2023"]
[BlackElo "2025"]
[PlyCount "73"]
[EventDate "2018.07.29"]
[EventType "swiss"]
[EventRounds "7"]
[EventCountry "GBR"]

1. Nf3 e6 2. d4 f5 3. c4 Nf6 4. Nc3 Bb4 5. Bd2 O-O 6. e3 b6 7. Bd3 Bb7 8. Qe2
Bxc3 9. Bxc3 Ne4 10. Rc1 d6 11. O-O Nxc3 12. Rxc3 Nd7 13. e4 f4 14. e5 dxe5 15.
Nxe5 Nxe5 16. Qxe5 Rf6 17. Be4 Bxe4 18. Qxe4 Rc8 19. Rd1 c6 20. Rh3 h6 21. Rf3
Qc7 22. h4 Qf7 23. Qe5 Qc7 24. Re1 Qxe5 25. Rxe5 Rd8 26. Re4 g5 27. hxg5 hxg5
28. g3 c5 29. dxc5 Rd1+ 30. Kg2 Rh6 31. gxf4 Rhh1 32. Rg3 Rhg1+ 33. Kf3 Rd3+
34. Re3 Rxe3+ 35. fxe3 Rf1+ 36. Ke4 Rf2 37. c6 1-0

[Event "GBR-ch105 Seniors 65"]
[Site "Hull"]
[Date "2018.08.02"]
[Round "5.9"]
[White "Goodwin, Ed H"]
[Black "Kelly, Ian G"]
[Result "0-1"]
[WhiteElo "1844"]
[BlackElo "1985"]
[PlyCount "70"]
[EventDate "2018.07.29"]
[EventType "swiss"]
[EventRounds "7"]
[EventCountry "GBR"]

1. d4 Nf6 2. Bf4 c5 3. c3 b6 4. Nf3 g6 5. e3 Bg7 6. Nbd2 O-O 7. Be2 Bb7 8. O-O
d5 9. h3 Nbd7 10. a4 Ne4 11. Nxe4 dxe4 12. Nd2 e5 13. dxe5 Nxe5 14. Nc4 Nd3 15.
Bd6 Re8 16. Bxd3 exd3 17. Qxd3 Qg5 18. f3 Rad8 19. Qc2 Ba6 20. Bf4 Qd5 21. Nd6
Bxf1 22. Nxe8 Bd3 23. Qd2 Rxe8 24. e4 Qc4 25. Bd6 Rd8 26. e5 Bf5 27. Qg5 Rd7
28. g4 Be6 29. Qe3 Qd5 30. a5 f6 31. axb6 axb6 32. f4 fxe5 33. fxe5 Rf7 34. Qg5
Qf3 35. Qd8+ Bf8 0-1

[Event "GBR-ch105 Seniors 65"]
[Site "Hull"]
[Date "2018.08.02"]
[Round "5.10"]
[White "Atkinson, John W"]
[Black "Pickersgill, Adrian O"]
[Result "1/2-1/2"]
[WhiteElo "1975"]
[BlackElo "1919"]
[PlyCount "44"]
[EventDate "2018.07.29"]
[EventType "swiss"]
[EventRounds "7"]
[EventCountry "GBR"]

1. e4 d6 2. d4 Nf6 3. Nc3 c6 4. Be2 Qa5 5. Bf3 e5 6. Nge2 Be7 7. O-O O-O 8. h3
h6 9. Be3 Nh7 10. Ng3 Bg5 11. Bxg5 Nxg5 12. Bg4 Ne6 13. d5 Nd4 14. Bxc8 Rxc8
15. Qg4 Qd8 16. Nf5 Nxf5 17. Qxf5 Nd7 18. dxc6 bxc6 19. Rad1 Nf6 20. Rd2 Qe7
21. Rfd1 Rd8 22. Qf3 Rd7 1/2-1/2

[Event "GBR-ch105 Seniors 65"]
[Site "Hull"]
[Date "2018.08.02"]
[Round "5.11"]
[White "Surtees, Michael J"]
[Black "Brown, Geoffrey M"]
[Result "1-0"]
[WhiteElo "2146"]
[BlackElo "1897"]
[PlyCount "90"]
[EventDate "2018.07.29"]
[EventType "swiss"]
[EventRounds "7"]
[EventCountry "GBR"]

1. e4 e6 2. a3 d5 3. e5 c5 4. f4 Nh6 5. Nf3 Nc6 6. b4 d4 7. b5 Ne7 8. Bd3 Nd5
9. g3 b6 10. c4 dxc3 11. dxc3 Bb7 12. c4 Ne7 13. Qe2 Nef5 14. Be4 Qc7 15. Nbd2
Be7 16. O-O Rd8 17. a4 O-O 18. Bb2 Rd7 19. Bxb7 Qxb7 20. Ne4 Rfd8 21. Nf2 Nd4
22. Bxd4 cxd4 23. Nd3 Nf5 24. Rfc1 h5 25. a5 Rc7 26. Ra4 g6 27. Kg2 Kg7 28. Kh3
Qc8 29. axb6 axb6 30. Qe4 Bc5 31. Rca1 Qd7 32. Ra8 Rxa8 33. Qxa8 Rc8 34. Ra7
Qe8 35. Qb7 Rb8 36. Qd7 Ne3 37. Ng5 Qxd7 38. Rxd7 Nxc4 39. Rxf7+ Kg8 40. Rf6
Na3 41. Rxg6+ Kh8 42. Nxe6 Nxb5 43. f5 Re8 44. Ng5 Nc7 45. e6 Bf8 1-0

[Event "GBR-ch105 Seniors 65"]
[Site "Hull"]
[Date "2018.08.02"]
[Round "5.12"]
[White "Norman, Kenneth I"]
[Black "Phillips, William"]
[Result "1-0"]
[WhiteElo "2094"]
[BlackElo "1862"]
[PlyCount "89"]
[EventDate "2018.07.29"]
[EventType "swiss"]
[EventRounds "7"]
[EventCountry "GBR"]

1. Nf3 Nf6 2. c4 c5 3. Nc3 Nc6 4. d4 cxd4 5. Nxd4 g6 6. e4 d6 7. Be2 Bg7 8. Be3
O-O 9. O-O a6 10. Qd2 Ne8 11. Rfd1 Nxd4 12. Bxd4 Bxd4 13. Qxd4 Qa5 14. Nd5 e5
15. Qd3 Be6 16. b4 Qd8 17. Ne3 Qg5 18. Bf3 Rc8 19. Rac1 b6 20. g3 f5 21. exf5
gxf5 22. Bd5 Qg6 23. Bxe6+ Qxe6 24. Qd5 Qxd5 25. Nxd5 Rb8 26. f4 Rf7 27. Re1 e4
28. Red1 Kg7 29. Ne3 Rc8 30. Rd5 Kg6 31. a4 h5 32. Kf2 Rf6 33. Rcd1 Rc7 34.
R1d2 Ra7 35. R5d4 Rb7 36. Rd5 Rff7 37. Ke2 Ra7 38. Kd1 a5 39. bxa5 Rxa5 40.
Rxa5 bxa5 41. Rd5 Rb7 42. Kc2 Nf6 43. Rxf5 Ng4 44. Rg5+ Kf6 45. Nd5+ 1-0

[Event "GBR-ch105 Seniors 65"]
[Site "Hull"]
[Date "2018.08.02"]
[Round "5.13"]
[White "Valentine, Brian J"]
[Black "Burnett, Jim"]
[Result "1-0"]
[WhiteElo "1935"]
[BlackElo "2088"]
[PlyCount "67"]
[EventDate "2018.07.29"]
[EventType "swiss"]
[EventRounds "7"]
[EventCountry "GBR"]

1. e4 e6 2. d4 d5 3. Nc3 Bb4 4. e5 c5 5. a3 Bxc3+ 6. bxc3 Ne7 7. Qg4 Qc7 8.
Qxg7 Rg8 9. Qxh7 cxd4 10. Ne2 dxc3 11. f4 Nbc6 12. Qd3 Bd7 13. Qxc3 O-O-O 14.
Rb1 Kb8 15. Rg1 Be8 16. g4 d4 17. Qc4 Nd5 18. Rg3 f6 19. exf6 Nxf6 20. g5 Nh5
21. Rgb3 Na5 22. Qxc7+ Kxc7 23. Rb4 d3 24. cxd3 Bg6 25. Nd4 Rge8 26. Be2 e5 27.
f5 exd4 28. fxg6 Rd7 29. Kd1 Rh8 30. Rb5 b6 31. Rf5 Ng7 32. Rf7 Nc6 33. Bf4+
Kd8 34. Rc1 1-0

[Event "GBR-ch105 Seniors 65"]
[Site "Hull"]
[Date "2018.08.02"]
[Round "5.14"]
[White "Chesters, Graham"]
[Black "Hughes, Peter"]
[Result "1/2-1/2"]
[WhiteElo "1987"]
[BlackElo "1766"]
[PlyCount "69"]
[EventDate "2018.07.29"]
[EventType "swiss"]
[EventRounds "7"]
[EventCountry "GBR"]

1. d4 f5 2. Bg5 h6 3. Bh4 g5 4. e4 Nf6 5. e5 e6 6. exf6 Qxf6 7. Bg3 f4 8. Be2
fxg3 9. hxg3 Nc6 10. Bh5+ Kd8 11. c3 d5 12. Nf3 Bd7 13. Qd3 Bd6 14. Nbd2 Be8
15. O-O-O Kd7 16. Bxe8+ Raxe8 17. g4 Kc8 18. b4 Kb8 19. b5 Na5 20. Rde1 Bf4 21.
g3 Bxd2+ 22. Nxd2 e5 23. dxe5 Rxe5 24. Qd4 Rxe1+ 25. Rxe1 Qxd4 26. cxd4 c6 27.
Re5 Kc7 28. bxc6 bxc6 29. Re7+ Kb6 30. Re6 h5 31. Re5 h4 32. gxh4 gxh4 33. Rh5
Rf8 34. f3 Nc4 35. Nxc4+ 1/2-1/2

[Event "GBR-ch105 Seniors 65"]
[Site "Hull"]
[Date "2018.08.02"]
[Round "5.15"]
[White "Stimpson, Philip M"]
[Black "Gregg, Alan M"]
[Result "0-1"]
[WhiteElo "1920"]
[BlackElo "1960"]
[PlyCount "26"]
[EventDate "2018.07.29"]
[EventType "swiss"]
[EventRounds "7"]
[EventCountry "GBR"]

1. e4 c5 2. Nc3 e6 3. f4 d5 4. Bb5+ Nc6 5. Bxc6+ bxc6 6. d3 Nf6 7. e5 d4 8. Ne4
Nxe4 9. dxe4 Be7 10. Nf3 Ba6 11. b3 O-O 12. Nd2 Qa5 13. Kf2 Qc3 0-1

[Event "GBR-ch105 Seniors 65"]
[Site "Hull"]
[Date "2018.08.02"]
[Round "5.16"]
[White "Clucas, Reg P"]
[Black "Dawson, Alastair G"]
[Result "1/2-1/2"]
[WhiteElo "1959"]
[BlackElo "1802"]
[PlyCount "52"]
[EventDate "2018.07.29"]
[EventType "swiss"]
[EventRounds "7"]
[EventCountry "GBR"]

1. e4 e6 2. d4 d5 3. Nd2 Nf6 4. e5 Nfd7 5. Bd3 c5 6. c3 Nc6 7. Ne2 cxd4 8. cxd4
f6 9. exf6 Nxf6 10. O-O Bd6 11. Nf3 Qc7 12. Nc3 a6 13. Bg5 O-O 14. Bh4 Nh5 15.
Bg3 Nxg3 16. hxg3 g6 17. Qd2 Qg7 18. Bc2 Bd7 19. a3 Rxf3 20. gxf3 Nxd4 21. Kg2
Rf8 22. f4 g5 23. fxg5 Nf3 24. Qe2 Nd4 25. Qd2 Nf3 26. Qe2 Nd4 1/2-1/2

[Event "GBR-ch105 Seniors 65"]
[Site "Hull"]
[Date "2018.08.02"]
[Round "5.17"]
[White "Kendall, Paul SN"]
[Black "Walkowiak, Adam"]
[Result "1-0"]
[WhiteElo "1955"]
[BlackElo "1702"]
[PlyCount "61"]
[EventDate "2018.07.29"]
[EventType "swiss"]
[EventRounds "7"]
[EventCountry "GBR"]

1. e4 c5 2. Nc3 e6 3. f4 Nc6 4. Nf3 a6 5. g3 Be7 6. Bg2 d6 7. d3 Nf6 8. O-O Bd7
9. e5 dxe5 10. Nxe5 Qc7 11. Nxd7 Qxd7 12. Be3 Rd8 13. Ne4 b6 14. Kh1 O-O 15.
Bg1 Rfe8 16. g4 g6 17. Nc3 Nd4 18. Ne4 Nd5 19. c3 Nc6 20. Qf3 Rc8 21. f5 Ne5
22. Qg3 f6 23. d4 cxd4 24. Bxd4 Bd6 25. fxg6 hxg6 26. Rxf6 Nf7 27. Rxg6+ Kf8
28. Bg7+ Kg8 29. Be5+ Kf8 30. Nxd6 Nxe5 31. Qxe5 1-0

[Event "GBR-ch105 Seniors 65"]
[Site "Hull"]
[Date "2018.08.02"]
[Round "5.18"]
[White "Cresswell, Mike J"]
[Black "McKerracher, Douglas"]
[Result "0-1"]
[WhiteElo "1692"]
[BlackElo "1897"]
[PlyCount "58"]
[EventDate "2018.07.29"]
[EventType "swiss"]
[EventRounds "7"]
[EventCountry "GBR"]

1. e4 d5 2. d4 dxe4 3. Nc3 f5 4. f3 Nf6 5. Be3 a6 6. Qd2 e6 7. O-O-O Bb4 8.
Nge2 Nc6 9. Bg5 O-O 10. Qe3 Nd5 11. Nxd5 Qxd5 12. a3 Ba5 13. Nc3 Bxc3 14. Qxc3
f4 15. Bh4 Qh5 16. Be1 exf3 17. gxf3 e5 18. d5 Nd4 19. Rxd4 exd4 20. Qb3 Kh8
21. c4 c5 22. dxc6 bxc6 23. Bf2 c5 24. h4 Bf5 25. Qb7 Bg6 26. Bg2 Qf5 27. Qb3
Rab8 28. Qa4 Qb1+ 29. Kd2 Rxb2+ 0-1

[Event "GBR-ch105 Seniors 65"]
[Site "Hull"]
[Date "2018.08.02"]
[Round "5.19"]
[White "McDonald, Ian"]
[Black "Moore, Gillian A"]
[Result "1-0"]
[WhiteElo "1726"]
[BlackElo "1835"]
[PlyCount "93"]
[EventDate "2018.07.29"]
[EventType "swiss"]
[EventRounds "7"]
[EventCountry "GBR"]

1. e4 Nf6 2. Nc3 e5 3. f4 d5 4. fxe5 Nxe4 5. d3 Nxc3 6. bxc3 c6 7. Nf3 Bg4 8.
d4 Nd7 9. Be2 Be7 10. O-O O-O 11. Qe1 Bxf3 12. Rxf3 Bh4 13. Qf1 Bg5 14. Bd3 g6
15. Rg3 Bxc1 16. Rxc1 Qe7 17. Qe2 c5 18. Qg4 c4 19. Bf5 Rad8 20. Qf3 Nb8 21. h4
Qxh4 22. Rh3 Qg5 23. Rf1 Nc6 24. Rg3 Qh6 25. Bh3 Ne7 26. Qf6 Rde8 27. Bd7 Qg7
28. Bxe8 Rxe8 29. Rgf3 Qxf6 30. Rxf6 Nf5 31. g4 Ne3 32. R1f3 Nxg4 33. Rxf7 Rb8
34. Rd7 Rf8 35. Rxf8+ Kxf8 36. Rxd5 Ke7 37. Rc5 Ne3 38. Rc7+ Ke6 39. Rxh7 Nxc2
40. Rxb7 a5 41. Kf2 a4 42. Rb2 Nxd4 43. cxd4 Kd5 44. Ke3 c3 45. Rc2 g5 46. Rxc3
g4 47. Rc5+ 1-0

[Event "GBR-ch105 Seniors 65"]
[Site "Hull"]
[Date "2018.08.02"]
[Round "5.20"]
[White "Tidmarsh, David A"]
[Black "Fisher, C Phillip"]
[Result "1/2-1/2"]
[WhiteElo "1818"]
[BlackElo "1815"]
[PlyCount "73"]
[EventDate "2018.07.29"]
[EventType "swiss"]
[EventRounds "7"]
[EventCountry "GBR"]

1. e4 c5 2. Nf3 e6 3. d4 cxd4 4. Nxd4 a6 5. Nc3 Qc7 6. Be2 Bd6 7. h3 Nf6 8. Be3
b5 9. a3 Bb7 10. f3 Bg3+ 11. Kd2 Nc6 12. Nxc6 dxc6 13. Kc1 O-O 14. b3 Rfd8 15.
Qg1 Be5 16. Kb2 Bf4 17. Bxf4 Qxf4 18. g3 Qc7 19. g4 c5 20. Qh2 Rac8 21. Qxc7
Rxc7 22. Rad1 Rcd7 23. Kc1 Bc6 24. Rxd7 Rxd7 25. Rd1 b4 26. Rxd7 Nxd7 27. axb4
cxb4 28. Nd1 a5 29. Kd2 Kf8 30. Ne3 Nb6 31. Kd3 a4 32. bxa4 Bxa4 33. Kd4 Ke7
34. Kc5 Nd7+ 35. Kxb4 Bc6 36. c4 Kd6 37. c5+ 1/2-1/2

[Event "GBR-ch105 Seniors 65"]
[Site "Hull"]
[Date "2018.08.02"]
[Round "5.21"]
[White "Price, Andrew"]
[Black "Downham, Alan F"]
[Result "0-1"]
[WhiteElo "1779"]
[BlackElo "1990"]
[PlyCount "56"]
[EventDate "2018.07.29"]
[EventType "swiss"]
[EventRounds "7"]
[EventCountry "GBR"]

1. Nf3 g6 2. e4 Bg7 3. d4 c5 4. Nc3 cxd4 5. Nxd4 Nc6 6. Be3 Qb6 7. Nd5 Qa5+ 8.
c3 Nf6 9. Nb5 Nxd5 10. exd5 a6 11. dxc6 axb5 12. cxd7+ Bxd7 13. Bd4 e5 14. Bc5
Qc7 15. Qd6 Qxd6 16. Bxd6 Bc6 17. f3 Kd7 18. Bb4 Kc7 19. Kf2 Rhd8 20. c4 bxc4
21. Bxc4 Rd4 22. Rac1 Bh6 23. Rc2 e4 24. Bc5 e3+ 25. Ke1 Rxc4 26. Rxc4 Rxa2 27.
Rh4 Ra1+ 28. Ke2 Bb5+ 0-1

[Event "GBR-ch105 Seniors 65"]
[Site "Hull"]
[Date "2018.08.02"]
[Round "5.22"]
[White "Smith, David"]
[Black "Calvert, John C"]
[Result "1-0"]
[WhiteElo "1916"]
[BlackElo "1494"]
[PlyCount "55"]
[EventDate "2018.07.29"]
[EventType "swiss"]
[EventRounds "7"]
[EventCountry "GBR"]

1. e4 e5 2. Nf3 Nc6 3. Bb5 a6 4. Ba4 Nf6 5. O-O Be7 6. d4 b5 7. dxe5 Nxe4 8.
Bb3 Nc5 9. Bd5 Bb7 10. c3 O-O 11. Nbd2 Ne6 12. Ne4 Rb8 13. Re1 Na5 14. Bxb7
Rxb7 15. b3 c6 16. Nd6 Ra7 17. Be3 Ra8 18. Qd3 Qc7 19. Rad1 Rad8 20. Nf5 Rfe8
21. Nxe7+ Rxe7 22. Ng5 g6 23. Nxe6 Rxe6 24. Bg5 Rde8 25. Bf6 Nb7 26. Qd2 Rxe5
27. Rxe5 Rxe5 28. Qh6 1-0

[Event "GBR-ch105 Seniors 65"]
[Site "Hull"]
[Date "2018.08.02"]
[Round "5.23"]
[White "Collins, Peter M"]
[Black "Procter, Colin S"]
[Result "1/2-1/2"]
[WhiteElo "1901"]
[BlackElo "1780"]
[PlyCount "56"]
[EventDate "2018.07.29"]
[EventType "swiss"]
[EventRounds "7"]
[EventCountry "GBR"]

1. c4 e6 2. Nc3 d5 3. cxd5 exd5 4. d4 c6 5. g3 Nf6 6. Bg2 Bf5 7. Nf3 Bd6 8. Nh4
Be6 9. Qc2 h6 10. Nf5 Bxf5 11. Qxf5 Qd7 12. Qf3 O-O 13. Bxh6 Qg4 14. Qxg4 Nxg4
15. Bd2 Na6 16. a3 Nc7 17. O-O Rfe8 18. e3 Ne6 19. Rac1 Nf6 20. h4 Nf8 21. Na4
Ne4 22. Be1 Nd7 23. Nc3 Ndf6 24. Nxe4 Nxe4 25. Bxe4 Rxe4 26. Bb4 Bxb4 27. axb4
a6 28. Rc5 Rae8 1/2-1/2

[Event "GBR-ch105 Seniors 65"]
[Site "Hull"]
[Date "2018.08.02"]
[Round "5.24"]
[White "Donaghay, Richard H"]
[Black "Illingworth, John B"]
[Result "1-0"]
[WhiteElo "1856"]
[BlackElo "1631"]
[PlyCount "59"]
[EventDate "2018.07.29"]
[EventType "swiss"]
[EventRounds "7"]
[EventCountry "GBR"]

1. e4 e5 2. Nc3 Bc5 3. Bc4 Nf6 4. d3 c6 5. Be3 Be7 6. Qf3 d6 7. h3 a5 8. a3 Na6
9. Nge2 b5 10. Ba2 Nc7 11. d4 O-O 12. O-O Nd7 13. Ng3 exd4 14. Bxd4 Bf6 15.
Rad1 Be5 16. Nf5 Qf6 17. Ne2 Ne6 18. Bxe5 dxe5 19. Rd6 c5 20. Rfd1 Ra7 21. Nc3
g6 22. Nd5 Qg5 23. h4 Qd8 24. Nfe7+ Kg7 25. Nc6 Qxh4 26. Nxa7 Ng5 27. Qe3 Nxe4
28. Nxc8 Rxc8 29. Rxd7 Qg4 30. Nc3 1-0

[Event "GBR-ch105 Seniors 65"]
[Site "Hull"]
[Date "2018.08.02"]
[Round "5.25"]
[White "Ramage, Colin R"]
[Black "Slinger, Anthony J"]
[Result "0-1"]
[WhiteElo "1802"]
[BlackElo "1845"]
[PlyCount "128"]
[EventDate "2018.07.29"]
[EventType "swiss"]
[EventRounds "7"]
[EventCountry "GBR"]

1. e4 c5 2. d4 cxd4 3. c3 Nf6 4. e5 Nd5 5. Bc4 e6 6. Nf3 Nc6 7. O-O Nb6 8. Bb3
d6 9. cxd4 dxe5 10. Be3 exd4 11. Nxd4 Be7 12. Nc3 Bf6 13. Ndb5 O-O 14. Bc5 Be7
15. Nd6 Nd7 16. Ba3 Nf6 17. Nxc8 Bxa3 18. bxa3 Rxc8 19. Nb5 Qe7 20. Qf3 a6 21.
Nc3 Nd4 22. Qe3 Rxc3 23. Qxd4 Rfc8 24. Rad1 h6 25. Qd6 Qxd6 26. Rxd6 R3c6 27.
Rd4 Rc1 28. f3 Rxf1+ 29. Kxf1 Kf8 30. Ke2 Ke7 31. Ke3 Rc7 32. h4 Ne8 33. g4 Nd6
34. Rd3 Rd7 35. a4 Rc7 36. Kd2 Nc8 37. Ke3 Na7 38. f4 Nc6 39. g5 hxg5 40. hxg5
Nb4 41. Rd2 Rd7 42. Rxd7+ Kxd7 43. f5 Ke7 44. fxe6 fxe6 45. Ke4 Kd6 46. Kd4
Nc6+ 47. Ke4 Nd8 48. Kf4 Nf7 49. Bc2 a5 50. Bb3 Ne5 51. Ke4 Nd7 52. Kf4 Nc5 53.
Bc2 b6 54. Kg4 Ke5 55. Kh5 Kf4 56. Kg6 e5 57. Kxg7 Kxg5 58. Kf7 e4 59. Ke7 e3
60. Bd1 Nxa4 61. Bf3 Kf4 62. Bh5 Ke5 63. Kd7 Kd5 64. Kc7 Kc5 0-1

[Event "GBR-ch105 Seniors 65"]
[Site "Hull"]
[Date "2018.08.02"]
[Round "5.26"]
[White "Harvey, Derek D"]
[Black "Mitchell, Robert"]
[Result "0-1"]
[WhiteElo "1577"]
[BlackElo "1527"]
[PlyCount "78"]
[EventDate "2018.07.29"]
[EventType "swiss"]
[EventRounds "7"]
[EventCountry "GBR"]

1. e4 g6 2. d4 Bg7 3. Be3 d6 4. Nf3 a6 5. Nc3 b5 6. Bd3 Nd7 7. Qd2 Bb7 8. a3 e5
9. O-O exd4 10. Bxd4 Bxd4 11. Nxd4 Ne5 12. f4 Nxd3 13. cxd3 Ne7 14. f5 Nc6 15.
Nxc6 Bxc6 16. Qh6 Qd7 17. fxg6 fxg6 18. Qh4 Qe7 19. Qxe7+ Kxe7 20. d4 Raf8 21.
d5 Rxf1+ 22. Rxf1 Bd7 23. Re1 Re8 24. e5 dxe5 25. Rxe5+ Kd6 26. Rxe8 Bxe8 27.
Kf2 Ke5 28. Ke3 Bd7 29. Ne4 Bc8 30. Ng5 h5 31. Ne6 Bxe6 32. dxe6 Kxe6 33. b4
Ke5 34. Kd3 Kd5 35. h4 c6 36. g3 c5 37. bxc5 Kxc5 38. Kc3 a5 39. Kb3 Kd4 0-1

[Event "GBR-ch105 Seniors 65"]
[Site "Hull"]
[Date "2018.08.03"]
[Round "6.1"]
[White "James, Geoffrey H"]
[Black "Bimpson, Tom"]
[Result "1-0"]
[WhiteElo "2163"]
[BlackElo "1988"]
[PlyCount "57"]
[EventDate "2018.07.29"]
[EventType "swiss"]
[EventRounds "7"]
[EventCountry "GBR"]

1. e4 d6 2. d4 Nf6 3. Nc3 e5 4. Nf3 exd4 5. Nxd4 Be7 6. Be2 O-O 7. O-O Re8 8.
f4 Nbd7 9. Bf3 Bf8 10. Re1 c6 11. Be3 Nc5 12. Bf2 d5 13. e5 Nfe4 14. Nxe4 Nxe4
15. Bxe4 dxe4 16. Rxe4 c5 17. Nb5 Qb6 18. c4 Bf5 19. Re3 Red8 20. Qe2 Qg6 21.
Nc7 Rac8 22. Nd5 Qa6 23. Ra3 Qg6 24. Bh4 Rxd5 25. cxd5 c4 26. d6 Bd3 27. Qe3
Be4 28. Qd2 Bc6 29. d7 1-0

[Event "GBR-ch105 Seniors 65"]
[Site "Hull"]
[Date "2018.08.03"]
[Round "6.2"]
[White "Hutchinson, Norman A"]
[Black "Bowmer, Kevin"]
[Result "0-1"]
[WhiteElo "2045"]
[BlackElo "2039"]
[PlyCount "48"]
[EventDate "2018.07.29"]
[EventType "swiss"]
[EventRounds "7"]
[EventCountry "GBR"]

1. e4 c5 2. c3 Nf6 3. e5 Nd5 4. Nf3 Nc6 5. d4 cxd4 6. cxd4 d6 7. Bc4 Nb6 8. Bb5
Bd7 9. exd6 e6 10. Bg5 Qb8 11. Nc3 a6 12. Bd3 Bxd6 13. O-O O-O 14. Qb3 Nb4 15.
Bb1 Bc6 16. Ne5 N4d5 17. Nxd5 Nxd5 18. Qh3 g6 19. Bh6 Bxe5 20. dxe5 Qxe5 21.
Bxf8 Rxf8 22. Qb3 Nf4 23. f3 Rd8 24. Bc2 Rd2 0-1